Rural New York /

Bibliographic Details
Main Author: Fippin, Elmer Otterbein, 1879-
Format: Book
Language:English
Published: New York : The Macmillan company, 1921.
Series:Rural state and province series.
Subjects:

MARC

Tag First Indicator Second Indicator Subfields
LEADER 00000cam a2200000 4500
001 in00000042754
005 20151007074851.0
008 761018s1921 nyuabf 00010 eng
010 |a  21005864  
035 |a (OCoLC)02511374 
035 |9 AAF2234AM 
040 |a DLC  |c OHI  |d TXA  |d UtOrBLW 
049 |a TXAM  |c [16087] 
050 0 0 |a HD1775.N8  |b F5 
092 |a 630.1  |b F52r 
100 1 |a Fippin, Elmer Otterbein,  |d 1879- 
245 1 0 |a Rural New York /  |c by Elmer O. Fippin ... 
264 1 |a New York :  |b The Macmillan company,  |c 1921. 
300 |a xv, pages, 1 ., 381 pages :  |b frontispiece, plates, maps (1 folded) diagrams ;  |c 18 cm. 
336 |a text  |b txt  |2 rdacontent 
337 |a unmediated  |b n  |2 rdamedia 
338 |a volume  |b nc  |2 rdacarrier 
490 1 |a Rural state and province series 
500 |a Short series title also at head of t.-p. 
650 0 |a Agriculture  |z New York (State) 
650 0 |a Agriculture  |x Economic aspects. 
830 0 |a Rural state and province series. 
999 |a MARS 
999 f f |s 2677ee7b-e929-3829-a885-1537c2f5cab1  |i 7c58de43-5499-3510-8359-c9c68cfda08a  |t 0 
952 f f |p ric  |a Texas A&M University  |b Rellis Campus  |c Joint Library Facility  |d Remote Storage  |t 0  |e HD1775.N8 F5  |h Library of Congress classification  |i unmediated -- volume  |m A14801053011 
998 f f |a HD1775.N8 F5  |t 0  |l Remote Storage